| 000 | 02072cam a22005414i 4500 | ||
|---|---|---|---|
| 003 | PE-LiUPU | ||
| 005 | 20250731173420.0 | ||
| 008 | 150707s2007 xxu r 000 0 spa d | ||
| 020 | _a[9780570099680] | ||
| 035 | _a(Sirsi) i9780570099680 | ||
| 035 | _a(Sirsi) 47268 | ||
| 035 | _a(Sirsi) 47268 | ||
| 040 |
_aPE-LiUPU _bspa _cPE-LiUPU _erda |
||
| 041 | 1 |
_aspa _heng |
|
| 049 | _aPRUA | ||
| 082 | 0 | 4 |
_a220.601 _bM32 |
| 100 | 1 |
_aMayer, Herbert T., _eautor. |
|
| 245 | 1 | 0 |
_aCómo interpretar las Escritura : _bprincipios para el estudio e interpretación de la Biblia / _cHerbert T. Mayer; [edición castellana a cargo de Ernesto W. Weigandt]. |
| 250 | _a2a. edición | ||
| 264 | 1 |
_aMissouri : _bConcordia, _c2007. |
|
| 300 |
_a106 páginas ; _c23 centímetros |
||
| 336 |
_atext _2rdacontent |
||
| 337 |
_aunmediated _2rdamedia |
||
| 338 |
_avolume _2rdacarrier |
||
| 500 | _aTítulo original en inglés: Interpreting the Holy Scriptures. | ||
| 505 | 0 | _aEl libro llamado Biblia -- Historia del estudio de la Biblia -- Principios teológicos de interpretación -- Principios generales de interpretación bíblica -- Interpretación del Antiguo Testamento -- Interpretación del Nuevo Testamento. | |
| 526 | _aSEG42 | ||
| 526 | _aSEG41 | ||
| 526 | _aSEG40 | ||
| 526 | _aSEG39 | ||
| 526 | _aP94 | ||
| 526 | _aP87 | ||
| 526 | _aP86 | ||
| 526 | _aP85 | ||
| 526 | _aP77 | ||
| 526 | _aP76 | ||
| 526 | _aP35 | ||
| 630 |
_aBiblia _xEstudio y enseñanza |
||
| 650 | 1 | 4 | _aHermenéutica bíblica |
| 700 | 1 |
_aWeigandt, Ernesto W. _eeditor. |
|
| 942 |
_2ddc _cBOOK |
||
| 949 |
_a220.601 M32 _i64918 _lCCODEBUL1 _mBUL _tLIBRO _o.STAFF. Colección General |
||
| 859 |
_q64918 _h220.601 _iM32 |
||
| 910 | _agl20120610 | ||
| 596 | _a1 | ||
| 999 |
_a220.601 M32 _wDEWEY _c53626 _i64918 _d53626 _e2019-5-9 _f2021-11-9 _g5 _lCCODEBUL1 _mBUL _n7 _p11.00 _q2 _r0 _sY _tBOOK _u2015-7-6 _xTEOLOGIA _PP35 _0COMPRA _o.STAFF. Colección Teología |
||
| 980 |
_81 _gALBERTO SANCHEZ Responsable de Automatización |
||